Principles of geochemistry. (Record no. 25777)

MARC details
000 -LEADER
fixed length control field 00315nam a2200133Ia 4500
082 ## - DEWEY DECIMAL CLASSIFICATION NUMBER
Classification number 550.4
Item number MAS
100 ## - MAIN ENTRY--AUTHOR NAME
Personal name MASON, Brian
245 #0 - TITLE STATEMENT
Title Principles of geochemistry.
250 ## - EDITION STATEMENT
Edition statement Ed.3
260 ## - PUBLICATION, DISTRIBUTION, ETC. (IMPRINT)
Place of publication New York
Name of publisher Wiley
Year of publication 1966
650 ## - SUBJECT ADDED ENTRY--TOPICAL TERM
Topical Term Geochemistry
942 ## - ADDED ENTRY ELEMENTS (KOHA)
Koha item type Books
Holdings
Withdrawn status Lost status Damaged status Not for loan Home library Current library Date acquired Full call number Accession Number Koha item type
        RRII Library RRII Library 16/12/2021 550.4 MAS 06429 Books